00921naa a2200205 i 45000010005000000030009000050050017000140080039000310400021000700410008000910440008000990800011001071000120001182450101002386500024003397000136003637730188004999420013006879990015007008901KOSZ 00520180310124943.0140903s2011 pl f |100 0 pol cBPKdKOSZ 005/EG apol aPOL a621.011 aBUDNIAK, Zbigniew.d1996 - .bPolitechnika Koszalińska - Wydział Mechaniczny,cKatedra Inżynierii Mechanicznej10aProblemy modelowania i analizy przestrzennych mechanizmów 4R /cZbigniew Budniak, Tadeusz Bil. 0aKonstrukcja maszyn.1 aBIL, Tadeusz.bPolitechnika Koszalińska - Wydział Mechaniczny,cKatedra Inżynierii Spożywczej i Tworzyw Sztucznychd1996 - .0 iW :tPodstawy konstrukcji maszyn : kierunki badań i rozwoju. T. 1/3 / [red. nauk. Michał Wasilczuk]. - dGdańsk : Politechnika Gdańska. Wydział Mechaniczny, 2011. -gs. 92-100 cROZ2UKD c8901d8901